| Tag |
First Indicator |
Second Indicator |
Subfields |
| LEADER |
00000cam a2200000 a 4500 |
| 001 |
in00002139621 |
| 006 |
m e d # |
| 007 |
cr mn mmmmabba |
| 008 |
820518s1772 nhu s 000 0 eng d |
| 005 |
20260330214223.1 |
| 035 |
|
|
|z w026532
|
| 035 |
|
|
|a MAAR8205183602B
|
| 035 |
|
|
|9 mwa91-48037
|
| 035 |
|
|
|a 320822
|
| 035 |
|
|
|a aas03026532
|
| 040 |
|
|
|a MWA
|c MWA
|e bdrb
|d UtOrBLW
|
| 100 |
1 |
|
|a Leonard, Abiel,
|d 1740-1777.
|
| 245 |
1 |
2 |
|a A sermon preached in Clermont [as printed], (in the province of New-Hampshire,) February 19, 1772 :
|b at the ordination of the Rev'd. Mr. George Wheaton, to the pastoral care of the church in that town. /
|c By Abiel Leonard, A.M. Pastor of the church in the First Society in Woodstock. ; [Four lines from Isaiah].
|
| 264 |
|
3 |
|a Portsmouth, New-Hampshire :
|b Printed and sold by Daniel and Robert Fowle, near the State-House,
|c 1772.
|
| 300 |
|
|
|a 23 pages, 1 unnumbered page ;
|c 19 cm. (octavo)
|
| 336 |
|
|
|a text
|b txt
|2 rdacontent
|
| 337 |
|
|
|a computer
|b c
|2 rdamedia
|
| 338 |
|
|
|a online resource
|b cr
|2 rdacarrier
|
| 510 |
4 |
|
|a Evans
|c 12431
|
| 510 |
4 |
|
|a Whittemore, C. New Hampshire,
|c 147
|
| 530 |
|
|
|a Microform version available in the Readex Early American Imprints series.
|
| 533 |
|
|
|a Electronic text and image data.
|b [Chester, Vt. :
|c Readex, a division of Newsbank, Inc.,
|d 2002-2004.
|e Includes files in TIFF, GIF and PDF formats with inclusion of keyword searchable text.
|f (Early American imprints. First series ; no. 12431).
|
| 500 |
|
|
|a Electronic resource.
|
| 600 |
1 |
0 |
|a Wheaton, George,
|d 1751-1773.
|
| 655 |
|
7 |
|a Ordination sermons
|y 1772.
|2 rbgenr
|
| 710 |
2 |
|
|a Congregational Church (Claremont, N.H.)
|
| 752 |
|
|
|a United States
|b New Hampshire
|d Portsmouth.
|
| 830 |
|
0 |
|a Early American imprints.
|n Series I,
|p Evans (1639-1800) ;
|v no. 12431.
|
| 856 |
4 |
1 |
|u http://proxy.library.tamu.edu/login?url=https://opac.newsbank.com/select/evans/12431
|y Evans Digital Edition
|t 0
|
| 999 |
|
|
|a MARS
|
| 999 |
f |
f |
|s 2c473a75-1969-3ba2-8f1c-e7e7bcf5eb54
|i 3cf371be-54b5-375e-9fee-88432003da3b
|t 0
|
| 952 |
f |
f |
|a Texas A&M University
|b College Station
|c Electronic Resources
|s www_evans
|d Available Online
|t 0
|h No information provided
|
| 998 |
f |
f |
|t 0
|l Available Online
|